[Event "12th Philadelphia International"]
[Site "Philadelphia"]
[Date "2018.06.29"]
[Round "2"]
[White "Peter Boris"]
[Black "Niemann, Hans"]
[Result "0-1"]
[WhiteElo "1853"]
[BlackElo "2313"]
[PlyCount "114"]
[EventDate "2018.06.??"]
[EventType "swiss"]
[EventRounds "9"]
[EventCountry "USA"]

1. e4 e6 2. d4 d5 3. e5 c5 4. c3 Nc6 5. Nf3 Bd7 6. Be2 Nh6 7. dxc5 Bxc5 8. O-O
Nf5 9. b4 Be7 10. Bd3 Nh4 11. Nxh4 Bxh4 12. Qe2 Be7 13. Nd2 O-O 14. Nf3 Rc8 15.
Bb2 a6 16. a3 Qc7 17. Rac1 b5 18. Bb1 f6 19. exf6 Bxf6 20. Nd4 Rce8 21. Nxc6
Bxc6 22. Qd3 g6 23. Rcd1 Qg7 24. Qh3 Bd7 25. Bc1 e5 26. Qd3 Be6 27. Ba2 Rd8 28.
f3 Kh8 29. Qe2 Bg8 30. Be3 d4 31. Bxg8 Rxg8 32. cxd4 exd4 33. Bf2 Rge8 34. Qd3
Qf7 35. Rc1 Kg8 36. Rc5 Rc8 37. Rfc1 Rxc5 38. Rxc5 Qa2 39. Rc1 Qb2 40. Rb1 Qc3
41. Rd1 Kf7 42. Kf1 Qc4 43. Rd2 Rc8 44. Ke2 Rc6 45. Qxc4+ bxc4 46. Bxd4 c3 47.
Bxf6 cxd2 48. Bg5 Rc2 49. Bxd2 Ra2 50. a4 Rxa4 51. Kd3 Ra3+ 52. Kc4 Ra2 53. Kc3
Ke6 54. f4 Kd5 55. Kd3 Ra1 56. Ke2 Ke4 57. g3 Rh1 0-1

[Event "12th Philadelphia International"]
[Site "Philadelphia"]
[Date "2018.06.29"]
[Round "2"]
[White "Mikhalevski, Victor"]
[Black "Polgar-Shutzman, Tom"]
[Result "1-0"]
[WhiteElo "2581"]
[BlackElo "2081"]
[PlyCount "123"]
[EventDate "2018.06.??"]
[EventType "swiss"]
[EventRounds "9"]
[EventCountry "USA"]

1. Nf3 Nf6 2. g3 g6 3. b3 Bg7 4. Bb2 O-O 5. Bg2 d6 6. d4 c5 7. O-O Nbd7 8. c4
a6 9. a4 Rb8 10. a5 b6 11. axb6 Qxb6 12. Nbd2 cxd4 13. Bxd4 Qc7 14. Bc3 Nc5 15.
Ra3 Bb7 16. Qa1 Rfc8 17. Bh3 Re8 18. b4 Nce4 19. Nxe4 Bxe4 20. Rc1 Nh5 21. Nd2
Bb7 22. c5 Qc6 23. Nf3 dxc5 24. Bxg7 Nxg7 25. bxc5 Red8 26. Bg2 Rdc8 27. Ne1
Qd7 28. Bxb7 Qxb7 29. Rxa6 Ne6 30. c6 Qb5 31. Nd3 Qd5 32. Qe5 Qxe5 33. Nxe5 Rc7
34. Rc4 Rbc8 35. Nd3 Nd8 36. Nb4 e6 37. e4 f6 38. f4 Kf8 39. Rb6 Ke7 40. e5
fxe5 41. fxe5 Nf7 42. Rc5 Nd8 43. Kf2 g5 44. Ke3 Kf7 45. Kd4 Kg6 46. Kc4 Kf5
47. Kb5 Ra7 48. Na6 Rxc6 49. Rcxc6 Nxc6 50. Kxc6 Kxe5 51. Rb5+ Kf6 52. Nc5 Ra2
53. Ne4+ Kf7 54. Nxg5+ Kg6 55. Nf3 Rf2 56. Ne5+ Kg7 57. Rb7+ Kg8 58. Ng4 Rc2+
59. Kd6 h5 60. Nf6+ Kf8 61. Kxe6 Rxh2 62. Rf7# 1-0

[Event "12th Philadelphia International"]
[Site "Philadelphia"]
[Date "2018.06.29"]
[Round "2"]
[White "Liang, Hairan"]
[Black "Shaffer, Alexander"]
[Result "1-0"]
[WhiteElo "2169"]
[BlackElo "1955"]
[PlyCount "49"]
[EventDate "2018.06.??"]
[EventType "swiss"]
[EventRounds "9"]
[EventCountry "USA"]

1. Nf3 c5 2. e4 e6 3. d4 cxd4 4. Nxd4 Nf6 5. Nc3 d6 6. g4 h6 7. Bg2 a6 8. h3
Qc7 9. Be3 Nc6 10. Nde2 Be7 11. f4 Bd7 12. O-O O-O-O 13. Na4 Rdf8 14. Bb6 Qb8
15. c4 g5 16. Rc1 gxf4 17. Nxf4 Ne5 18. Nd5 exd5 19. cxd5+ Bc6 20. Rxf6 Bxf6
21. Qf1 Bg5 22. Qf5+ Nd7 23. dxc6 bxc6 24. Rxc6+ Kb7 25. Qxd7+ 1-0

[Event "12th Philadelphia International"]
[Site "Philadelphia"]
[Date "2018.06.29"]
[Round "2"]
[White "Jacobson, Brandon"]
[Black "Flom, Gabriel"]
[Result "0-1"]
[WhiteElo "2303"]
[BlackElo "2512"]
[PlyCount "89"]
[EventDate "2018.06.??"]
[EventType "swiss"]
[EventRounds "9"]
[EventCountry "USA"]

1. d4 Nf6 2. c4 e6 3. Nf3 c5 4. d5 d6 5. Nc3 exd5 6. cxd5 g6 7. h3 Bg7 8. e4
O-O 9. Bd3 b5 10. Nxb5 Re8 11. O-O Nxe4 12. Re1 a6 13. Nc3 Nxc3 14. bxc3 Nd7
15. Bg5 Nf6 16. c4 h6 17. Bd2 Bd7 18. Qc2 Nh5 19. Rxe8+ Bxe8 20. Re1 Rb8 21.
Qc1 Bb2 22. Qd1 Bg7 23. Qe2 Bd7 24. Qe7 Qxe7 25. Rxe7 Nf6 26. Bc3 Rb7 27. Re1
Nh5 28. Bd2 g5 29. Rb1 Rxb1+ 30. Bxb1 f5 31. g3 Kf7 32. h4 g4 33. Ne1 Bd4 34.
Kg2 Nf6 35. Bxh6 Ne4 36. Bxe4 fxe4 37. Bf4 Ke7 38. Nc2 Ba4 39. Nxd4 cxd4 40. h5
Bc2 41. h6 e3 42. fxe3 dxe3 43. Bxe3 Kf7 44. Kf2 Bb1 45. a3 0-1

[Event "12th Philadelphia International"]
[Site "Philadelphia"]
[Date "2018.06.29"]
[Round "3.1"]
[White "Kovalyov, Anton"]
[Black "Pedersen, Christian Kyndel"]
[Result "1-0"]
[WhiteElo "2651"]
[BlackElo "2426"]
[PlyCount "127"]
[EventDate "2018.06.??"]
[EventType "swiss"]
[EventRounds "9"]
[EventCountry "USA"]

1. c4 e5 2. g3 Nf6 3. Bg2 c6 4. d4 e4 5. d5 cxd5 6. cxd5 Bb4+ 7. Bd2 Qe7 8.
Bxb4 Qxb4+ 9. Nc3 Qxb2 10. Qc1 Qxc1+ 11. Rxc1 Na6 12. d6 O-O 13. Nxe4 Nxe4 14.
Bxe4 Re8 15. f3 Kf8 16. Nh3 Re6 17. Rd1 Nc5 18. Ng5 Rh6 19. Bd5 Rxd6 20. Nxf7
Rb6 21. Rc1 Ke7 22. Rxc5 Rb1+ 23. Kd2 Rxh1 24. Rc4 d6 25. Re4+ Kd7 26. Be6+ Ke7
27. Bb3+ Kd7 28. Ba4+ b5 29. Bxb5+ Kc7 30. Re7+ Kb6 31. Nxd6 Kc5 32. Ne8 Kxb5
33. Nc7+ Kc6 34. Nxa8 Bd7 35. h4 Ra1 36. Rxg7 Rxa2+ 37. Ke3 h5 38. g4 hxg4 39.
fxg4 Ra4 40. Kf3 Rb4 41. Rg8 Rb1 42. h5 Rh1 43. e4 Kd6 44. Rg5 Bc6 45. Rg6+ Kd7
46. Rg7+ Kd6 47. Rxa7 Rf1+ 48. Kg3 Bxe4 49. Nb6 Ke6 50. Nc8 Kf6 51. Nd6 Bd5 52.
Ne8+ Ke5 53. Re7+ Be6 54. Nc7 Rg1+ 55. Kf3 Rxg4 56. Rxe6+ Kf5 57. Re5+ Kxe5 58.
Kxg4 Kf6 59. Kf4 Kf7 60. Kg5 Kg7 61. h6+ Kh7 62. Ne6 Kg8 63. Kg6 Kh8 64. Ng5
1-0

[Event "12th Philadelphia International"]
[Site "Philadelphia"]
[Date "2018.06.29"]
[Round "3.2"]
[White "Sevian, Samuel"]
[Black "Hong, Andrew"]
[Result "1-0"]
[WhiteElo "2624"]
[BlackElo "2399"]
[PlyCount "73"]
[EventDate "2018.06.??"]
[EventType "swiss"]
[EventRounds "9"]
[EventCountry "USA"]

1. d4 d5 2. c4 e6 3. Nf3 Nf6 4. g3 Be7 5. Bg2 O-O 6. O-O dxc4 7. Ne5 Nc6 8.
Nxc6 bxc6 9. Na3 Bxa3 10. bxa3 Nd5 11. Qa4 Nb6 12. Qa5 Rb8 13. Rd1 Qd7 14. e4
Bb7 15. Bd2 Rfd8 16. Bb4 c5 17. dxc5 Qxd1+ 18. Rxd1 Rxd1+ 19. Bf1 c3 20. Bxc3
Nd7 21. Qa4 Rb1 22. c6 Nc5 23. Qd4 e5 24. Qxe5 Rxf1+ 25. Kxf1 Ba6+ 26. Kg2 Ne6
27. Qd5 Rb1 28. f4 h6 29. h4 Bf1+ 30. Kf2 Rb5 31. Kxf1 Rxd5 32. exd5 Nc5 33.
Be5 Na6 34. Bxc7 Nxc7 35. d6 Ne8 36. d7 Kf8 37. d8=Q 1-0

[Event "12th Philadelphia International"]
[Site "Philadelphia"]
[Date "2018.06.29"]
[Round "3.3"]
[White "Liang, Awonder"]
[Black "Mulyar, Michael"]
[Result "1-0"]
[WhiteElo "2571"]
[BlackElo "2385"]
[PlyCount "119"]
[EventDate "2018.06.??"]
[EventType "swiss"]
[EventRounds "9"]
[EventCountry "USA"]

1. Nf3 d5 2. g3 Nf6 3. Bg2 c6 4. O-O Bg4 5. h3 Bh5 6. d4 e6 7. c4 Be7 8. Nc3
Nbd7 9. Ne5 O-O 10. g4 Bg6 11. Nxg6 hxg6 12. b3 dxc4 13. bxc4 e5 14. e3 exd4
15. exd4 Nb6 16. g5 Nh5 17. c5 Nd5 18. Nxd5 cxd5 19. Qg4 b6 20. Be3 bxc5 21.
dxc5 Rc8 22. Rac1 d4 23. Qxd4 Qxd4 24. Bxd4 Nf4 25. Be3 Ne2+ 26. Kh1 Nxc1 27.
Rxc1 Rfd8 28. Bb7 Rc7 29. c6 Rb8 30. Kg2 Rbxb7 31. cxb7 Rxb7 32. Rc8+ Kh7 33.
Ra8 Rb5 34. h4 a5 35. Ra7 Re5 36. Kg3 Bd6 37. Bf4 Rd5 38. Bxd6 Rxd6 39. Rxa5 f6
40. a4 Rd3+ 41. f3 Rd4 42. Ra7 fxg5 43. hxg5 Rb4 44. a5 Ra4 45. a6 Kg8 46. f4
Ra3+ 47. Kf2 Kh7 48. Ke2 Ra4 49. Ke3 Ra5 50. Ke4 Kg8 51. Ke3 Kh7 52. Kd4 Kg8
53. f5 Rxf5 54. Rb7 Kh7 55. a7 Ra5 56. Kc4 Ra1 57. Kc5 Rc1+ 58. Kb6 Rc8 59. Rc7
Rf8 60. Kb7 1-0

[Event "12th Philadelphia International"]
[Site "Philadelphia"]
[Date "2018.06.29"]
[Round "3.4"]
[White "Lindgren, Philip"]
[Black "Vorontsov, Pavlo"]
[Result "0-1"]
[WhiteElo "2394"]
[BlackElo "2564"]
[PlyCount "96"]
[EventDate "2018.06.??"]
[EventType "swiss"]
[EventRounds "9"]
[EventCountry "USA"]

1. d4 Nf6 2. Nf3 g6 3. Bg5 Bg7 4. Nbd2 O-O 5. e3 d6 6. h3 c5 7. Bd3 cxd4 8.
exd4 Nc6 9. c3 h6 10. Bh4 e5 11. O-O exd4 12. cxd4 Nb4 13. Be2 Be6 14. a3 Nc6
15. Nc4 d5 16. Nce5 Qb6 17. b4 Nxe5 18. Nxe5 Ne4 19. Nf3 f5 20. Bg3 f4 21. Bh2
g5 22. Rc1 Rac8 23. Qd3 Rc7 24. Rxc7 Qxc7 25. Nd2 Bf5 26. Nxe4 Bxe4 27. Qd2 Rc8
28. Bg4 Qc2 29. Qe1 Rc3 30. f3 Re3 31. Qd1 Qxd1 32. Rxd1 Bc2 33. Rd2 Bd3 34. g3
Bxd4 35. Kg2 Bc3 36. Rd1 d4 37. gxf4 Bc2 38. Rf1 Re2+ 39. Kh1 d3 40. Bf5 Kg7
41. fxg5 hxg5 42. Bd6 Kf6 43. Bh7 Re6 44. Bc7 Kg7 45. Bf5 Rc6 46. Bg3 Rf6 47.
Be4 Re6 48. Bf5 Kf6 0-1

[Event "12th Philadelphia International"]
[Site "Philadelphia"]
[Date "2018.06.29"]
[Round "3"]
[White "Plotkin, Mark"]
[Black "Puranik, Abhimanyu"]
[Result "0-1"]
[WhiteElo "2250"]
[BlackElo "2507"]
[PlyCount "72"]
[EventDate "2018.06.??"]
[EventType "swiss"]
[EventRounds "9"]
[EventCountry "USA"]

1. Nf3 Nf6 2. g3 g6 3. Bg2 Bg7 4. O-O d5 5. d3 c5 6. Nbd2 Nc6 7. e4 O-O 8. Qe2
a5 9. Re1 a4 10. a3 dxe4 11. dxe4 Qc7 12. Nc4 e5 13. Bg5 Nd4 14. Qd1 Ng4 15. h3
Be6 16. Nfd2 Bf6 17. Be3 Nxe3 18. Nxe3 Bg5 19. Nd5 Bxd5 20. exd5 f5 21. d6 Qxd6
22. Nc4 Qa6 23. Rxe5 Rad8 24. Rxc5 b6 25. Rc7 Rfe8 26. Kh1 Kh8 27. Qb1 b5 28.
Ne3 Bxe3 29. fxe3 Qd6 30. Rb7 Rxe3 31. Qa2 Re7 32. Rd1 Rxb7 33. Bxb7 Qxg3 34.
Bg2 Kg7 35. c3 Nf3 36. Bxf3 Qxf3+ 0-1

[Event "12th Philadelphia International"]
[Site "Philadelphia"]
[Date "2018.06.29"]
[Round "3"]
[White "Niemann, Hans"]
[Black "Erenburg, Sergey"]
[Result "1/2-1/2"]
[WhiteElo "2313"]
[BlackElo "2563"]
[PlyCount "119"]
[EventDate "2018.06.??"]
[EventType "swiss"]
[EventRounds "9"]
[EventCountry "USA"]

1. d4 d5 2. Nf3 Nf6 3. g3 c6 4. Bg2 Bf5 5. O-O e6 6. b3 Be7 7. Bb2 O-O 8. Nbd2
a5 9. a3 Nbd7 10. Ne5 Nxe5 11. dxe5 Nd7 12. e4 Bg6 13. f4 Qb6+ 14. Kh1 dxe4 15.
Bxe4 Rfd8 16. Bxg6 hxg6 17. a4 Qc5 18. Ne4 Qd5 19. Qf3 Nc5 20. Nxc5 Bxc5 21.
Bc3 Be3 22. Rae1 Bb6 23. Qxd5 cxd5 24. Bd2 d4 25. Rf3 Rac8 26. Rc1 Rd5 27. Rd3
g5 28. Kg2 gxf4 29. gxf4 Rdc5 30. c4 dxc3 31. Rcxc3 Kf8 32. Rxc5 Rxc5 33. Rd7
Bc7 34. Kf1 Rc2 35. Rd3 f6 36. Rd7 fxe5 37. fxe5 Ke8 38. Rxg7 Bxe5 39. Rg2 Rb2
40. Re2 Bd6 41. Bxa5 Rxb3 42. Rxe6+ Kd7 43. Re4 Rh3 44. Bb4 Bxh2 45. Re7+ Kc6
46. Re6+ Kd5 47. Re7 b6 48. a5 Rb3 49. Be1 Bd6 50. Rb7 b5 51. a6 Kc6 52. Bf2
Bc5 53. Bxc5 Kxc5 54. a7 Ra3 55. Ke2 Kc6 56. Rg7 Kb6 57. Kd2 Rxa7 58. Rxa7 Kxa7
59. Kc3 Kb6 60. Kb4 1/2-1/2

[Event "12th Philadelphia International"]
[Site "Philadelphia"]
[Date "2018.06.29"]
[Round "3"]
[White "Raja Harshit"]
[Black "Colas, Joshua"]
[Result "1/2-1/2"]
[WhiteElo "2442"]
[BlackElo "2285"]
[PlyCount "88"]
[EventDate "2018.06.??"]
[EventType "swiss"]
[EventRounds "9"]
[EventCountry "USA"]

1. e4 c6 2. Nf3 d5 3. Nc3 dxe4 4. Nxe4 Nf6 5. Qe2 Nxe4 6. Qxe4 Qd5 7. Qf4 Qf5
8. Qe3 Qe6 9. b3 Qxe3+ 10. fxe3 f6 11. Bb2 Be6 12. O-O-O Nd7 13. Rg1 O-O-O 14.
g4 Bd5 15. Be2 e5 16. h4 Bd6 17. h5 Bxf3 18. Bxf3 h6 19. Be4 Kc7 20. Bg6 Nc5
21. d4 Ne6 22. Rgf1 Ng5 23. c4 b6 24. Rf5 exd4 25. exd4 c5 26. dxc5 Bxc5 27.
Rfd5 Rxd5 28. Rxd5 Rd8 29. Rxd8 Kxd8 30. Kc2 Ke7 31. Kd3 Kd6 32. Bf5 Nf7 33.
Bc8 Ng5 34. Bb7 Kc7 35. Ba8 Kd6 36. Bd5 a5 37. Bc3 Bb4 38. Bd4 Bc5 39. a3 Nh3
40. Bf3 Nf4+ 41. Ke4 Bxd4 42. Kxd4 Ne6+ 43. Ke4 Ng5+ 44. Kf4 Ne6+ 1/2-1/2

[Event "12th Philadelphia International"]
[Site "Philadelphia"]
[Date "2018.06.29"]
[Round "3"]
[White "Liu, Zhaoqi"]
[Black "Panchanatham, Vignesh"]
[Result "0-1"]
[WhiteElo "2163"]
[BlackElo "2431"]
[PlyCount "179"]
[EventDate "2018.06.??"]
[EventType "swiss"]
[EventRounds "9"]
[EventCountry "USA"]

1. c4 Nf6 2. Nc3 e5 3. g3 c6 4. d4 e4 5. Bg2 d5 6. Nh3 h6 7. cxd5 cxd5 8. O-O
Nc6 9. f3 exf3 10. exf3 Be7 11. Be3 O-O 12. Nf4 Re8 13. Bf2 Bf5 14. Rc1 Rc8 15.
Re1 Qd7 16. a3 Bf8 17. Rxe8 Rxe8 18. b4 a5 19. Bf1 axb4 20. axb4 Bxb4 21. Qb3
Rd8 22. Bb5 Bf8 23. Nd1 Qd6 24. Bxc6 bxc6 25. Qb6 Rb8 26. Qa6 Bd7 27. Ne3 Rb3
28. Qa4 Ra3 29. Qc2 Qb4 30. Rb1 Qa5 31. Nd3 Ra2 32. Rb2 Ra1+ 33. Kg2 Qa7 34.
Ne5 Ra6 35. Nf1 Qc7 36. Nd2 Qc8 37. h4 Bf5 38. Qb3 Nd7 39. Nxd7 Qxd7 40. Qb8
Qd6 41. Qe8 Bd7 42. Qe2 Ra8 43. Nb3 Re8 44. Qd3 Rb8 45. Re2 Qf6 46. Nc5 Bf5 47.
Qd2 Ra8 48. g4 Be6 49. Nxe6 fxe6 50. g5 hxg5 51. hxg5 Qg6 52. Qe3 Kf7 53. Qf4+
Qf5 54. Qxf5+ exf5 55. g6+ Kxg6 56. Re6+ Kf7 57. Rxc6 g5 58. Rb6 Ra2 59. Kf1
Be7 60. Bg3 f4 61. Bf2 Ra5 62. Kg2 Ra3 63. Rc6 Rd3 64. Ra6 Bf6 65. Rd6 Rd2 66.
Kf1 Bxd4 67. Bxd4 Rxd4 68. Ke2 Kg7 69. Rd8 Kf6 70. Rd6+ Ke5 71. Rg6 Kf5 72. Rd6
g4 73. fxg4+ Kxg4 74. Rd8 f3+ 75. Ke3 Re4+ 76. Kf2 Re2+ 77. Kf1 Rd2 78. Rg8+
Kf4 79. Rf8+ Ke3 80. Re8+ Kd3 81. Rf8 Rd1+ 82. Kf2 d4 83. Rxf3+ Kd2 84. Ra3 Rc1
85. Ra2+ Rc2 86. Ra1 d3 87. Kf3 Rc8 88. Rh1 Rf8+ 89. Ke4 Re8+ 90. Kd4 0-1

[Event "12th Philadelphia International"]
[Site "Philadelphia"]
[Date "2018.06.29"]
[Round "3"]
[White "Chasin, Nico"]
[Black "Mandizha, Farai"]
[Result "1/2-1/2"]
[WhiteElo "2123"]
[BlackElo "2390"]
[PlyCount "124"]
[EventDate "2018.06.??"]
[EventType "swiss"]
[EventRounds "9"]
[EventCountry "USA"]

1. c4 Nf6 2. Nc3 g6 3. d4 Bg7 4. e4 d6 5. Nf3 O-O 6. Be2 e5 7. d5 Na6 8. O-O
Nc5 9. Qc2 a5 10. Ne1 Bd7 11. f3 Nh5 12. Nd3 b6 13. Be3 f5 14. b3 Nf6 15. a3 f4
16. Bf2 g5 17. b4 Nxd3 18. Qxd3 g4 19. Bh4 h5 20. Qd1 Qe8 21. c5 Qg6 22. cxd6
cxd6 23. Kh1 Bh6 24. Bb5 Bc8 25. Bc6 Ra7 26. Na4 Rg7 27. Qe2 g3 28. Nxb6 Bg5
29. Bxg5 Qxg5 30. Nxc8 Qh4 31. h3 Rxc8 32. bxa5 Ng4 33. a6 Nf2+ 34. Kg1 Kh8 35.
Rxf2 gxf2+ 36. Qxf2 Rxg2+ 37. Kxg2 Rg8+ 38. Kf1 Qxh3+ 39. Ke2 Rg2 40. a7 Rxf2+
41. Kxf2 Qg3+ 42. Ke2 Qg2+ 43. Kd3 Qxf3+ 44. Kc4 Qxe4+ 45. Kb5 Qd3+ 46. Kb6
Qd4+ 47. Kb7 Qxa1 48. a8=Q+ Kg7 49. Qa5 Qb2+ 50. Kc8 Kg6 51. Qa6 Qc3 52. Kd8
Kf5 53. Bd7+ Ke4 54. Qxd6 f3 55. Bc6 f2 56. Qg6+ Kd4 57. Qf7 Ke3 58. Qf6 h4 59.
Qg5+ Kf3 60. Qf5+ Kg3 61. Qg5+ Kf3 62. Qf5+ Kg3 1/2-1/2

[Event "12th Philadelphia International"]
[Site "Philadelphia"]
[Date "2018.06.29"]
[Round "3"]
[White "Sarkar, Justin"]
[Black "Turgut, Aydin"]
[Result "1-0"]
[WhiteElo "2297"]
[BlackElo "2109"]
[PlyCount "99"]
[EventDate "2018.06.??"]
[EventType "swiss"]
[EventRounds "9"]
[EventCountry "USA"]

1. e4 e5 2. Nf3 Nc6 3. Bb5 a6 4. Ba4 Nf6 5. O-O Be7 6. Re1 b5 7. Bb3 O-O 8. d4
d6 9. c3 Bg4 10. Be3 Nxe4 11. Bd5 Qd7 12. Bxe4 d5 13. Bxh7+ Kxh7 14. dxe5 Qf5
15. Nd4 Nxd4 16. Qxd4 Qe6 17. h3 Bf5 18. Nd2 c5 19. Qf4 f6 20. exf6 Qxf6 21.
Nf3 Kg8 22. Ng5 Qg6 23. Qg3 Bd6 24. Bf4 Bxf4 25. Qxf4 Bxh3 26. Qe5 Bxg2 27.
Kxg2 Rf5 28. Qe6+ Qxe6 29. Nxe6 Kf7 30. Nxc5 Rg5+ 31. Kf1 Rh8 32. Rad1 Rh2 33.
Re3 Rf5 34. Nd3 g5 35. Ke2 Kf6 36. Rf3 g4 37. Rxf5+ Kxf5 38. Ke3 Rh3+ 39. Kd4
Rh2 40. Kxd5 Rh8 41. Kd4 Rd8+ 42. Ke3 a5 43. Re1 Rd6 44. Kd2 Rd5 45. b3 a4 46.
c4 bxc4 47. bxc4 Rd8 48. Kc3 Rb8 49. c5 Rd8 50. Kc4 1-0

[Event "12th Philadelphia International"]
[Site "Philadelphia"]
[Date "2018.06.30"]
[Round "4.1"]
[White "Vorontsov, Pavlo"]
[Black "Kovalyov, Anton"]
[Result "1/2-1/2"]
[WhiteElo "2564"]
[BlackElo "2651"]
[PlyCount "35"]
[EventDate "2018.06.??"]
[EventType "swiss"]
[EventRounds "9"]
[EventCountry "USA"]

1. d4 Nf6 2. c4 e6 3. Nc3 Bb4 4. Qc2 O-O 5. e4 d5 6. e5 Ne4 7. Bd3 c5 8. Nf3
cxd4 9. Nxd4 Nd7 10. Bf4 Qh4 11. g3 Qh5 12. O-O Bxc3 13. bxc3 g5 14. cxd5 exd5
15. Bxe4 dxe4 16. e6 gxf4 17. exd7 Bxd7 18. Qxe4 1/2-1/2

[Event "12th Philadelphia International"]
[Site "Philadelphia"]
[Date "2018.06.30"]
[Round "4.2"]
[White "Puranik, Abhimanyu"]
[Black "Sevian, Samuel"]
[Result "1/2-1/2"]
[WhiteElo "2507"]
[BlackElo "2624"]
[PlyCount "67"]
[EventDate "2018.06.??"]
[EventType "swiss"]
[EventRounds "9"]
[EventCountry "USA"]

1. e4 e5 2. Nf3 Nc6 3. Bb5 Nf6 4. d3 d6 5. c3 g6 6. O-O Bg7 7. Re1 O-O 8. Nbd2
a6 9. Bxc6 bxc6 10. d4 exd4 11. cxd4 Re8 12. Qc2 Bb7 13. h3 a5 14. Rb1 Nd7 15.
b3 c5 16. Bb2 cxd4 17. Bxd4 Bxd4 18. Nxd4 Nc5 19. a3 Qf6 20. N4f3 Qf4 21. e5
Ne6 22. Qc3 d5 23. b4 d4 24. Qd3 axb4 25. axb4 c5 26. bxc5 Bxf3 27. Nxf3 Nxc5
28. Qxd4 Qxd4 29. Nxd4 Nd3 30. Re3 Nxe5 31. Rbe1 Red8 32. Ne6 Nc4 33. Nxd8 Nxe3
34. Rxe3 1/2-1/2

[Event "12th Philadelphia International"]
[Site "Philadelphia"]
[Date "2018.06.30"]
[Round "4.3"]
[White "Checa, Nicolas"]
[Black "Liang, Awonder"]
[Result "1/2-1/2"]
[WhiteElo "2479"]
[BlackElo "2571"]
[PlyCount "84"]
[EventDate "2018.06.??"]
[EventType "swiss"]
[EventRounds "9"]
[EventCountry "USA"]

1. d4 Nf6 2. c4 e6 3. Nf3 b6 4. g3 Bb7 5. Bg2 Be7 6. O-O O-O 7. Re1 Na6 8. Nc3
Ne4 9. Bf4 d6 10. h4 c5 11. Nxe4 Bxe4 12. d5 Nc7 13. Ng5 Bxg2 14. Kxg2 h6 15.
Ne4 e5 16. Bd2 f5 17. Nc3 Qd7 18. a4 f4 19. Rh1 Qg4 20. Ne4 h5 21. f3 Qg6 22.
Qb1 Ne8 23. Qd3 Nf6 24. Ng5 Qxd3 25. exd3 fxg3 26. Ne6 Rf7 27. Ng5 Rff8 28. Ne6
Rf7 29. b4 cxb4 30. Bxb4 Nd7 31. Kxg3 Nf8 32. Ng5 Rf5 33. Ne4 Rd8 34. a5 Ng6
35. axb6 axb6 36. Ra7 Rdf8 37. Rxe7 Rxf3+ 38. Kg2 Rxd3 39. Bxd6 Re3 40. Rxg7+
Kxg7 41. Bxf8+ Kxf8 42. Ng3 Nf4+ 1/2-1/2

[Event "12th Philadelphia International"]
[Site "Philadelphia"]
[Date "2018.06.30"]
[Round "4.4"]
[White "Sadorra, Julio Catalino"]
[Black "Abergel, Thal"]
[Result "1/2-1/2"]
[WhiteElo "2546"]
[BlackElo "2427"]
[PlyCount "97"]
[EventDate "2018.06.??"]
[EventType "swiss"]
[EventRounds "9"]
[EventCountry "USA"]

1. d4 Nf6 2. Nf3 e6 3. e3 b6 4. Bd3 Bb7 5. O-O Be7 6. c4 O-O 7. Nc3 d5 8. b3
Nbd7 9. Bb2 c5 10. cxd5 cxd4 11. Nxd4 Nxd5 12. Nxd5 Bxd5 13. Qc2 h6 14. Rad1
Rc8 15. Qe2 Qc7 16. Ba6 Rcd8 17. Rc1 Qb8 18. Bc4 Bxc4 19. Rxc4 Ne5 20. Rc2 Bc5
21. f4 Bxd4 22. Bxd4 Ng6 23. Qg4 Qb7 24. Rc4 Rc8 25. Rxc8 Qxc8 26. h3 e5 27.
Qxc8 Rxc8 28. fxe5 Nf8 29. a4 Ne6 30. Ra1 Rd8 31. Rc1 Nxd4 32. exd4 Rxd4 33.
Rc8+ Kh7 34. Rc7 Kg6 35. Rxa7 Rb4 36. Rb7 Rxb3 37. a5 b5 38. Kf2 b4 39. Ke2 Ra3
40. Rb5 Kf5 41. Kd1 Ra2 42. g4+ Ke6 43. Kc1 g5 44. Kb1 b3 45. Kc1 Rc2+ 46. Kb1
Ra2 47. Kc1 Rc2+ 48. Kb1 Ra2 49. Kc1 1/2-1/2

[Event "12th Philadelphia International"]
[Site "Philadelphia"]
[Date "2018.06.30"]
[Round "4"]
[White "Plotkin, Victor"]
[Black "Nestorovic, Nikola"]
[Result "1/2-1/2"]
[WhiteElo "2248"]
[BlackElo "2476"]
[PlyCount "107"]
[EventDate "2018.06.??"]
[EventType "swiss"]
[EventRounds "9"]
[EventCountry "USA"]

1. e4 e5 2. Nf3 Nc6 3. Bc4 Nf6 4. d3 Be7 5. O-O O-O 6. Re1 d6 7. c3 Na5 8. Bb5
a6 9. Ba4 b5 10. Bc2 c5 11. Nbd2 Bb7 12. Nf1 Re8 13. Ng3 Bf8 14. d4 cxd4 15.
cxd4 exd4 16. Bf4 Rc8 17. Nxd4 g6 18. a4 b4 19. b3 d5 20. e5 Ne4 21. f3 Nxg3
22. Bxg3 Bc5 23. Bf2 Qb6 24. Qd2 Nc6 25. Nxc6 Rxc6 26. Bd1 a5 27. f4 Bxf2+ 28.
Qxf2 Qxf2+ 29. Kxf2 Rc3 30. Bf3 Rxb3 31. Rec1 Rc3 32. Rxc3 bxc3 33. Ke3 Rc8 34.
Be2 Bc6 35. Bd3 Bd7 36. Ra2 Bf5 37. Bxf5 gxf5 38. Rc2 Rc4 39. Kd3 Rxf4 40. Rxc3
Rxa4 41. Rc5 d4 42. h4 Ra2 43. Kxd4 Rxg2 44. Rxa5 Kg7 45. Ra7 Rg4+ 46. Kd5 Re4
47. h5 h6 48. Ra1 Re2 49. Rf1 Rd2+ 50. Kc6 Rg2 51. Kd7 Rg5 52. e6 fxe6 53. Kxe6
Rxh5 54. Rxf5 1/2-1/2

[Event "12th Philadelphia International"]
[Site "Philadelphia"]
[Date "2018.06.30"]
[Round "4"]
[White "Lenderman, Aleksandr"]
[Black "Niemann, Hans"]
[Result "1/2-1/2"]
[WhiteElo "2615"]
[BlackElo "2313"]
[PlyCount "120"]
[EventDate "2018.06.??"]
[EventType "swiss"]
[EventRounds "9"]
[EventCountry "USA"]

1. d4 d5 2. c4 c6 3. Nf3 Nf6 4. Qc2 dxc4 5. Qxc4 Bf5 6. g3 e6 7. Bg2 Nbd7 8.
O-O Be7 9. e3 O-O 10. Rd1 Qc7 11. Nc3 e5 12. h3 Rad8 13. Qe2 Rfe8 14. e4 Bg6
15. Nxe5 Nxe5 16. Bf4 Nfd7 17. dxe5 Nxe5 18. Be3 Nd7 19. Qc2 Qa5 20. f4 Bc5 21.
Bxc5 Qxc5+ 22. Kh2 h6 23. Rd2 Nb6 24. Rad1 Rxd2 25. Qxd2 f6 26. b3 Re7 27. Qd8+
Re8 28. Qd4 Qxd4 29. Rxd4 Kf8 30. Kg1 Ke7 31. Kf2 Rd8 32. Ke3 Rxd4 33. Kxd4 Nd7
34. Bf3 Kd6 35. Bg4 b6 36. h4 Nc5 37. b4 Na6 38. a3 Nc7 39. Be2 Bf7 40. a4 Bb3
41. a5 Ne6+ 42. Ke3 bxa5 43. bxa5 Kc5 44. f5 Nd4 45. Bd3 Kb4 46. Nd5+ cxd5 47.
Kxd4 dxe4 48. Bxe4 Kxa5 49. Kc5 Ka4 50. Bc6+ Ka3 51. Kd6 Kb4 52. Ke7 Kc5 53.
Be8 a5 54. Kf8 Kd6 55. Kxg7 Ke7 56. Bb5 h5 57. Kh6 a4 58. Bxa4 Bxa4 59. Kxh5
Kf7 60. Kg4 Kg7 1/2-1/2

[Event "12th Philadelphia International"]
[Site "Philadelphia"]
[Date "2018.06.30"]
[Round "4"]
[White "Perske, Thore"]
[Black "Sarkar, Justin"]
[Result "1/2-1/2"]
[WhiteElo "2464"]
[BlackElo "2297"]
[PlyCount "126"]
[EventDate "2018.06.??"]
[EventType "swiss"]
[EventRounds "9"]
[EventCountry "USA"]

1. e4 c5 2. Nf3 g6 3. d4 cxd4 4. Nxd4 Bg7 5. Nc3 Nc6 6. Be3 Nf6 7. Bc4 Qa5 8.
O-O O-O 9. Nb3 Qc7 10. f4 d6 11. Be2 b6 12. Bf3 Bb7 13. Qe2 Nd7 14. Nb5 Qc8 15.
c4 Nc5 16. Qd2 Na4 17. Rab1 a6 18. N5d4 Nxd4 19. Nxd4 Nc5 20. Qc2 e5 21. Ne2
exf4 22. Nxf4 Re8 23. Kh1 Nxe4 24. Bxb6 d5 25. c5 Bc6 26. Nd3 Ng5 27. Nb4 Nxf3
28. Rxf3 Re4 29. Nxc6 Qxc6 30. Rbf1 f5 31. b3 Rae8 32. Qd3 Re2 33. R3f2 Rxf2
34. Rxf2 Bd4 35. Rf1 Bxc5 36. Bxc5 Qxc5 37. Qxa6 d4 38. h3 Qd5 39. Rd1 d3 40.
Qc4 Qxc4 41. bxc4 Rc8 42. Rxd3 Rxc4 43. Rd2 Ra4 44. Kg1 Kg7 45. Kf2 g5 46. Ke3
f4+ 47. Kd3 h5 48. Kc3 f3 49. gxf3 Ra3+ 50. Kc4 Rxf3 51. Rd3 Rxd3 52. Kxd3 Kf6
53. Ke4 Ke6 54. a4 Kd6 55. Kf5 g4 56. hxg4 hxg4 57. Kxg4 Kc5 58. a5 Kb5 59. Kf4
Kc5 60. Ke5 Kc6 61. a6 Kb6 62. a7 Kb7 63. a8=Q+ Kxa8 1/2-1/2